000 01106nam a22002897a 4500
001 BD-DhSAU 9032
003 BD-DhSAU
005 20190515143734.0
008 150612b2017 bg a||||r|||| 000 0 eng d
040 _aBD-DhSAU
082 _222
_a634.9
_bSu67
100 _a Sumona , Sinthia Rahman
_4Reg. No:17-08202
245 _aAgroforestry practices with Red Amaranth during the early establishment period of Moringa Plantation / Ms Thesis
_c Sumona , Sinthia Rahman
260 _aSher-e- Bangla Agricultural University :
_bDepartment of Agroforestry and Environmental Science,
_c2017,
300 _ax, 75 p. :
_bill. ,
_c30 cm.
504 _aIncludes references.
590 _aShofi
650 _aAgroforestry And Environmental Science
650 _aRed Amaranth
650 _aEarly establishment period
650 _aMoringa Plantation
650 _aAgroforestry practices
700 _a Hossain , Md. Kausar
_eSupervisor
700 _aHossain, Md. Forhad
_eCo-Supervisor
856 _uhttp://archive.saulibrary.edu.bd:8080/xmlui/handle/123456789/2342
_yOnline Access
942 _2ddc
_cTHESIS
999 _c14642
_d14641